000 00835nas a2200289 4500
001 BR0002428
003 BR-BrBNA
005 20231205101834.0
007 ta
008 230509b bl.|||p| |||| 00| 00por d
040 _aBR-BrBNA
_bpor
_cBiblioteca Nacional de Agricultura
041 _a(Pt)
072 _aF60
100 1 _aAndriolo, J.L.
100 1 _aLudke, L.
100 1 _aDuarte, T. da S.
100 1 _aSkrebsky, E.C.
245 1 _aPosicao dos frutos e seu efeito na reparticao da materia seca da planta do tomateiro
650 _aTomate
650 _aCrescimento
650 _aMateria Seca
650 _aMeio Ambiente
650 _aEstufa
773 0 _tCiencia Rural (Brazil)
_xISSN 0103-8478
_g(Mar-Apr 2000), v. 30(2) p. 235-240
_wBR0002428
909 _a202311
_bLúcia
_c55
_dLúcia Elande
942 _2AGRIS
_n0
_cANA
999 _c164250
_d164250